U.S. Presidents Without the Letter J - One Minute Sprint - Statistics

General Stats
  • This quiz has been taken 82 times
  • The average score is 15 of 26
Answer Stats
Term President % Correct
1789-1797 George Washington
89%
1933-1945 Franklin D. Roosevelt
77%
1861-1865 Abraham Lincoln
74%
1901-1909 Theodore Roosevelt
74%
2009-2017 Barack Obama
68%
1989-1993 George H.W. Bush
68%
2001-2009 George W. Bush
68%
1869-1877 Ulysses S. Grant
60%
1849-1850 Zachary Taylor
58%
1885-1889, 1893-189 Grover Cleveland
54%
1969-1974 Richard Nixon
54%
1837-1841 Martin Van Buren
53%
1841 William Henry Harrison
53%
1853-1857 Franklin Pierce
51%
1945-1953 Harry Truman
51%
1929-1933 Herbert Hoover
51%
1981-1989 Ronald Reagan
51%
1909-1913 William Taft
51%
1913-1921 Woodrow Wilson
49%
1881-1885 Chester A. Arthur
47%
1953-1961 Dwight D. Eisenhower
47%
1850-1853 Millard Fillmore
47%
1974-1977 Gerald R. Ford
46%
1897-1901 William McKinley
42%
1877-1881 Rutherford B. Hayes
40%
1921-1923 Warren Harding
39%
No matching quizzes found
Score Distribution
Percent of People with Each Score
Percentile by Number Answered
Your Score History
You have not taken this quiz